1987 1991 1816 1699 1229 1258 1502 1745 1033 1453 1699 1649 1560 1607 1274 1605 1891 1828 1624 1978 1192 1293 1784 1609 1251 1740 1533 1245 1571 1830 1782 1106 1029 1378 1461 1507 1591 1347 1839 1192 1018 1039 1321 1646 1137 1737 1909 1591 1778 1592 1325 1893 1899 1291 1196 1828 1415 1768 1152 1628 1888 1208 1207 1735 1768 1224 1426 1009 1358 1062 1784 1770 1758 1935 1951 1200 1927 1634 1207 1120 1697 1068 1462 1448 1379 1374 1400 1361 1682 1067 1859 1470 1676 1920 1473 1859 1385 1292 1006 BCNSPRNW ULIB Ver.6.0+V

เปลี่ยนเป็นภาษาไทย

Change to English
 แสดงรายละเอียดบรรณานุกรม
  กลับหน้าหลัก

Brief Record : Get Marc (ISO 2709) : E-mail record : QR code < ปิดหน้าต่าง
LEADER : 00000nam 2200000uu 4500
001    13399125103
003     ULIB
008    160624s2015||||th 000 0 eng d
020    9781451193916
060  4 WY 152 ^bH669m 2015
100 0  Hirst, Sandra p.^d1951-
245 00 Miller’s nursing for wellness in older adults / ^cSandra P. Hirst, Annette M. Lane, Carol A. Miller
246 0  Nursing for wellness in older adults
250    Canadian edition.
260    Philadelphia : ^bWolters Kluwer/Lippincott Williams & Wilkins Health, ^cc2015
300    xxvi, 620 p. : ^bill.
505 0  Part 1 Older adults and wellness -- Seeing Older Adults Through the Eyes of Wellness -- Addressing Diversity of Older Adults -- Applying a Nursing Model for Promoting Wellness in Older Adults -- Theoretical Perspectives on Aging Well -- Part 2 Nursing Considerations for Older Adults -- Gerontological Nursing and Health Promotion -- Health Care Settings for Older Adults -- Assessment of Health and Functioning -- Medications and Other Bioactive Substances -- Legal and Ethical Concerns -- Elder Abuse and Neglect -- Part 3 Promoting Wellness in Psychosocial Function -- Cognitive Function -- Psychosocial Function -- Psychosocial Assessment -- Impaired Cognitive Function: Delirium and Dementia -- Impaired Affective Function: Depression -- Part 4 Promoting Wellness in Physical Function ? Hearing -- Vision -- Digestion and Nutrition -- Urinary Function -- Cardiovascular Function -- Respiratory Function -- Mobility and Safety -- Integumentary Function -- Sleep and Rest -- Thermoregulation -- Sexual Function -- Part 5 Promoting Wellness in All Stages of Health and Illness -- Caring for Older Adults During Illness -- Caring for Older Adults Experiencing Pain -- Caring for Older Adults at the End of Life.
650  0 Older people ^xCare
650  0 Geriatric Nursing
700 0  Lane, Annette M., ^d1962-
700 0  Miller, Carol A.
945    ^p0^l0^i001344
999    ^aเกษร โพธิ์สุวรรณ
รายการนี้ยังไม่มีแท็ก
คุณยังไม่ได้ล็อกอิน คุณสามารถมีกิจกรรมร่วมกับเว็บไซต์ได้ แต่ต้องล็อกอินก่อน ::
  ล็อกอิน

รายการสื่อสารสนเทศ

ลำดับที่ ประเภท เลขเรียก/บาร์โค้ด สถานที่ สถานะ
1. วิทยาศาสตร์การแพทย์ และสุขภาพ
วิทยาศาสตร์การแพทย์ และสุขภาพ
WY 152 H669m 2015 ฉ.1 
  Barcode: 001344
ห้องสมุดวิทยาเขตสวรรค์ประชารักษ์
►หนังสือทั่วไป
บนชั้น

รายการใกล้เคียง
    หัวเรื่อง [Geriatric Nursing]

BibComment


ยังไม่เคยถูกคอมเมนท์

คอมเมนท์ทรัพยากรรายการนี้
  คอมเมนท์: Miller’s nursing ..


 Copyright 2026. Bcnsprnw @Library